Statistics for Cars that are geographic places

Click here to take the quiz!

General Stats

  • This quiz has been taken 162 times
    (144 since last reset)
  • The average score is 12 of 21

Answer Stats

ModelMake% Correct
TahoeChevrolet
93%
RioKIA
84%
DurangoDodge
82%
CayennePorsche
81%
Santa FeHyundai
79%
SierraFord
77%
TacomaToyota
76%
CaliforniaFerrari
75%
MuranoNissan
70%
SebringChrysler
66%
YukonGMC
66%
IbizaSeat
65%
SevilleCadillac
57%
MulsanneBentley
48%
LucerneBuick
45%
TribecaSubaru
43%
AsconaOpel
33%
MontrealAlfa Romeo
31%
CaliforniaVolkswagen
30%
VersaillesLincoln
24%
MontecarloLancia
18%

Score Distribution

Percentile by Number Answered

Percent of People with Each Score

Your Score History

You have not taken this quiz since the last reset